000 00841cam a2200241 4500
001 J298
008 090401t1988 xxu||||| |||| 00| 0 eng d
035 _a(Sirsi) u74317
041 _aeng
050 _a692.8
090 _aJCT 1988/21A
110 _aJoint Contracts Tribunal
_93664
245 _aStandard Form of Management Contract 1987 edition. Amendment 1 issued July 1988: amendments to Section 9 settlement of disputes - arbitration.
260 _aLondon
_bBEC Publications
_c1988
300 _a7p. ; 30cm.
350 _a0
650 _aMANAGEMENT-DISPUTE AVOIDANCE, MANAGEMENT AND RESOLUTION-DISPUTE MANAGEMENT AND RESOLUTION-ARBITRATION
650 _aBUILT ENVIRONMENT-BUILDING CONTRACT FORMS
650 _aMANAGEMENT CONTRACT
690 _aBUILT ENVIRONMENT-BUILDING CONTRACT FORMS
942 _n0
948 _c04/03/1997
999 _c95807
_d95807